| 000 | 00892cam a22003013a 4500 | ||
|---|---|---|---|
| 001 | 25102 | ||
| 003 | PGUSA | ||
| 005 | 20140828083535.0 | ||
| 008 | 080419s2008||||xxu|||||s|||||000 1 eng d | ||
| 040 |
_aPGUSA _beng |
||
| 042 | _adc | ||
| 050 | 4 | _aPZ | |
| 050 | 4 | _aPQ | |
| 100 | 1 |
_aMalot, Hector, _d1830-1907 |
|
| 245 | 1 | 0 |
_aNobody's Boy : _bSans Famille _h[electronic resource] / _cHector Malot |
| 260 |
_bProject Gutenberg, _c2008 |
||
| 506 | _aPublic domain in the USA. | ||
| 516 | _aElectronic text | ||
| 653 | _aOrphans -- Fiction | ||
| 653 | _aFrance -- History -- 19th century -- Fiction | ||
| 653 | _aAdventure and adventurers -- Fiction | ||
| 653 | _aStreet entertainers -- Fiction | ||
| 700 | 1 | _aCrewe-Jones, Florence | |
| 700 | 1 |
_aGruelle, Johnny, _d1880-1938 |
|
| 830 | 0 |
_aProject Gutenberg _v25102 |
|
| 856 | 4 | 0 | _uhttp://www.gutenberg.org/ebooks/25102 |
| 942 | _cEB | ||
| 999 |
_c254357 _d254357 |
||